| 000 | 01048nas a2200337 4500 | ||
|---|---|---|---|
| 001 | BR2011003966 | ||
| 003 | BR-BrBNA | ||
| 005 | 20231205115511.0 | ||
| 007 | ta | ||
| 008 | 230509b bl.|||p| |||| 00| 00por d | ||
| 040 |
_aBR-BrBNA _bpor _cBiblioteca Nacional de Agricultura |
||
| 041 | _a(Pt) | ||
| 072 | _aL73 | ||
| 100 | 1 | _aCesco, M.A. de O. | |
| 100 | 1 | _aZimermann, F.C. | |
| 100 | 1 | _aGiotto, D.B. | |
| 100 | 1 | _aBorsoi, A. | |
| 100 | 1 | _aRocha, S.L. | |
| 100 | 1 | _aMoraes, H.L.S. | |
| 100 | 1 | _aNascimento, V.P. | |
| 245 | 1 | _aPersquisa de genes de virulência em Salmonella Hadar em amostras provenientes de material avícola | |
| 246 | 1 | _aSurvey of virulence genes in Salmonella Hadar in materials coming from chickens | |
| 650 | _aSALMONELLA | ||
| 650 | _aSALMONELOSE | ||
| 650 | _aPATOGENICIDADE | ||
| 650 | _aGENE | ||
| 650 | _aVÍRUS | ||
| 773 | 0 |
_tVeterinária em Foco (Brazil) _xISSN 1679-5237 _g(Jan-Jun 2009), v. 6(2) p. 159-164 _wBR2011003966 |
|
| 909 |
_a202311 _bLúcia _c55 _dLúcia Elande |
||
| 942 |
_2AGRIS _n0 _cANA |
||
| 999 |
_c214127 _d214127 |
||